La empresa ante el derecho penal /
Guardado en:
| Autor Principal: | |
|---|---|
| Formato: | Libro |
| Idioma: | Spanish |
| Publicado: |
Buenos Aires :
Errepar,
2013.
|
| Edición: | 1a. ed. |
| Materias: | |
| Etiquetas: |
Agregar Etiqueta
Sin Etiquetas, Sea el primero en etiquetar este registro!
|
| LEADER | 00461nam a22001575a 4500 | ||
|---|---|---|---|
| 001 | DER.der014295 | ||
| 008 | 191024s2013####ag#||||||||||||||#||spa|| | ||
| 005 | 20250807161254.0 | ||
| 245 | 1 | 0 | |a La empresa ante el derecho penal / |c Carlos H. Gigena Sasia. |
| 250 | |a 1a. ed. | ||
| 260 | |a Buenos Aires : |b Errepar, |c 2013. | ||
| 300 | |a 486 p. | ||
| 020 | |a 9789870115113 | ||
| 100 | 1 | |a Gigena Sasia, Carlos H. | |
| 650 | 7 | |a DERECHO PENAL | |
| 859 | |a DERECHO |b BIB. DERECHO |h 345 |i GIG |p 009566 | ||
